Fluctuations of glaciers, 1965-1970 (Record no. 648556)

MARC details
000 -LEADER
fixed length control field 00706nam a2200241Ia 4500
003 - CONTROL NUMBER IDENTIFIER
control field OSt
005 - DATE AND TIME OF LATEST TRANSACTION
control field 20220926030047.0
008 - FIXED-LENGTH DATA ELEMENTS--GENERAL INFORMATION
fixed length control field 220923b |||||||| |||| 00| 0 eng d
037 ## - SOURCE OF ACQUISITION
Terms of availability General Book
040 ## - CATALOGING SOURCE
Original cataloging agency RTL
Transcribing agency RTL
Language of cataloging eng
041 ## - LANGUAGE CODE
Source of code eng
Language code of text/sound track or separate title eng
100 ## - MAIN ENTRY--PERSONAL NAME
Personal name Kasser Peter
9 (RLIN) 333436
245 #0 - TITLE STATEMENT
Title Fluctuations of glaciers, 1965-1970
260 ## - PUBLICATION, DISTRIBUTION, ETC.
Place of publication, distribution, etc. Paris
Name of publisher, distributor, etc. Unesco
Date of publication, distribution, etc. 1973
300 ## - PHYSICAL DESCRIPTION
Extent 357p.
Dimensions cm.
500 ## - GENERAL NOTE
General note International association of hudrological science, international commission on snow and ice
650 ## - SUBJECT ADDED ENTRY--TOPICAL TERM
Topical term or geographic name entry element Geology
9 (RLIN) 15465
942 ## - ADDED ENTRY ELEMENTS (KOHA)
Classification part H421, L3
Koha item type General Books
Source of classification or shelving scheme Colon Classification (CC)
Holdings
Withdrawn status Lost status Damaged status Not for loan Home library Current library Date acquired Total Checkouts Full call number Barcode Date last seen Price effective from Koha item type
        Ratan Tata Library Ratan Tata Library 2022-09-26   H421 L3 RT0533862 2022-09-26 2022-09-26 General Books
Copyright @ Delhi University Library System